El mundo del cercano oriente : fenicios, hebreos, hititas, mitanios y persas /
Guardado en:
| Autor Principal: | |
|---|---|
| Formato: | Libro |
| Publicado: |
Buenos Aires :
Docencia,
1997
|
| Materias: | |
| Etiquetas: |
Agregar Etiqueta
Sin Etiquetas, Sea el primero en etiquetar este registro!
|
| LEADER | 00752nam a22001935a 4500 | ||
|---|---|---|---|
| 001 | CEM.cems012227 | ||
| 005 | 20060904141950.0 | ||
| 008 | 130507s1997##################000#0#####d | ||
| 003 | CEMS | ||
| 020 | |a 9509293865 | ||
| 082 | 0 | 4 | |a 935 |
| 100 | 1 | |a Paysás, Javier M. | |
| 245 | 1 | 0 | |a El mundo del cercano oriente : |b fenicios, hebreos, hititas, mitanios y persas / |c Javier M. Paysás |
| 260 | |a Buenos Aires : |b Docencia, |c 1997 | ||
| 300 | |a 230 p. | ||
| 505 | 0 | |a Los pequeños Estados semitas -- Los fenicios -- Los hebreos -- Los Estados indoeuropeos -- Los hititas -- Los mitanios -- Los persas -- El legado del Cercano Oriente a Occidente | |
| 653 | |a Historia | ||
| 653 | |a Historia antigua | ||
| 859 | |a CEMS |b BIB. CEMS - 11 de abril |h 935 |i P295 |p 23150.05 |t Ej.1 |v 2 |3 2 | ||
